00605nam a22001097a 4500040000800000082002700008100001600035245030500051260002600356300002600382856008700408 cRUA aAGR SIN 2011 B049 Or.1 aSING, SEUN. aStudy of nematode on the rice and vegetables in barray district, kompong thom province,​ សិក្សាវត្តមានណេម៉ាតូតទៅលើដំណាំស្រូវ និងបន្លែនៅស្រុកបារាយណ៍ ខេត្តកំពង់ធំ aPhnom PenhbRUAc2011 aix, 46p.bill.c29cm. uhttps://drive.google.com/file/d/1sDifMCCOdNGQ56HxSLticc99VMIxA0hL/view?usp=sharing